000 00291nam a2200121Ia 4500
005 20251222155204.0
008 251222s9999||||xx |||||||||||||| ||spa||
082 _aESC. 23
100 _aDELGADO, César.
245 0 _aSociedad Peruana de Medicina Interna
264 _bSandoz
942 _cLIB
999 _c40033
_d40033